000 00667nam a22001577a 4500
003 LRUA
005 20191004135452.0
008 191004b xxu||||| |||| 00| 0 eng d
040 _cRUA
082 _aANS SOU 2018 B648 Or.1
100 _913947
_aSOUR HUYLANG សួ ហ៊ុយឡាំង
245 _aeffect of tryptophan suplementation in concentrate feed on growth performance of quails ឥទ្ធិពលនៃការបន្ថែម TRYPTOPHAN ក្នុង​ចំណីសម្រេចទៅលើការលូតលាស់របស់ក្រួច
260 _aRUA
_bPHNOM PENH
_c2018
300 _aix;39p
_bill;
_c29cm
942 _2ddc
_cANS
999 _c18276
_d18276